000 00282nam a22001337a 4500
008 210604b ||||| |||| 00| 0 eng d
041 _aeng
080 _a159.9
082 _a159.9
100 _a48
101 _aPSI
245 _aPsychology Today
_cJoel Aronoff
942 _2udc
_cBK
999 _c57972
_d57972